[Event "XXXII Festival A"]
[Site "Arco ITA"]
[Date "2010.10.23"]
[Round "8"]
[White "Knors, Rudi"]
[Black "Luciani, Carlo"]
[Result "1/2-1/2"]
[WhiteElo "2123"]
[BlackElo "2230"]
[PlyCount "89"]
[EventDate "2010.10.16"]

1. e4 e5 2. Nf3 Nc6 3. Bc4 Bc5 4. O-O d6 5. h3 Nf6 6. d3 a6 7. c3 Ba7 8. Bb3
O-O 9. Be3 h6 10. Bxa7 Rxa7 11. Nbd2 Ne7 12. d4 Ng6 13. Re1 Nh7 14. dxe5 dxe5
15. Nc4 Qf6 16. Ne3 c6 17. Nh2 Ng5 18. Neg4 Qe7 19. Qe2 h5 20. Ne3 Nf4 21. Qc2
Qf6 22. Kh1 b5 23. a4 Rd7 24. axb5 axb5 25. Rad1 Rfd8 26. Rxd7 Rxd7 27. Rd1
Rxd1+ 28. Nxd1 Qd6 29. h4 Nge6 30. Nf3 Nc5 31. Ng5 Nfe6 32. Bxe6 Nxe6 33. Nxe6
Bxe6 34. Ne3 Qd8 35. g3 Qf6 36. Kg2 g6 37. Qd1 Qe7 38. Qd2 Qc7 39. b4 Kg7 40.
Kh2 Qe7 41. Kg2 Qf6 42. Qe2 Qd8 43. Qd1 Qf6 44. Qe2 Qd8 45. Qd1 1/2-1/2

[Event "XXXII Festival A"]
[Site "Arco ITA"]
[Date "2010.10.23"]
[Round "8"]
[White "La Manna, Andrea"]
[Black "Panjkovic, Aleksandar"]
[Result "1/2-1/2"]
[WhiteElo "2196"]
[BlackElo "2137"]
[PlyCount "34"]
[EventDate "2010.10.16"]

1. d4 d6 2. c4 e5 3. d5 f5 4. Nc3 Nf6 5. e4 fxe4 6. Nge2 Bf5 7. Ng3 Bg6 8. Be2
Nbd7 9. Be3 Be7 10. Qc2 c6 11. O-O O-O 12. Ngxe4 Nxe4 13. Nxe4 cxd5 14. cxd5
Rc8 15. Qb1 Kh8 16. Bd3 Qa5 17. Nc3 Bxd3 1/2-1/2

[Event "XXXII Festival A"]
[Site "Arco ITA"]
[Date "2010.10.23"]
[Round "8"]
[White "Ludwig, Timm"]
[Black "Buck, Klaus-Michael"]
[Result "1-0"]
[WhiteElo "1670"]
[BlackElo "1818"]
[PlyCount "93"]
[EventDate "2010.10.16"]

1. Nf3 Nf6 2. c4 g6 3. g3 Bg7 4. Bg2 c6 5. O-O O-O 6. d3 d6 7. Nc3 Na6 8. Bd2
h6 9. Rb1 Bd7 10. b4 Qc8 11. Re1 Nc7 12. Qc1 Kh7 13. e3 Ng8 14. e4 Bg4 15. Nd1
Qd7 16. Bc3 e5 17. Ne3 Be6 18. Nh4 Bf6 19. Nf3 b5 20. c5 Bxa2 21. Rb2 Be6 22.
d4 exd4 23. Bxd4 Bxd4 24. Nxd4 dxc5 25. Nxe6 Nxe6 26. Bh3 Qe7 27. Bxe6 Qxe6 28.
f3 cxb4 29. Rxb4 a5 30. Rd4 Rfd8 31. Red1 Rxd4 32. Rxd4 Qf6 33. Qd1 Re8 34. Ng4
Qe7 35. Rd7 Qc5+ 36. Kg2 Re7 37. Rd8 Qc3 38. Qd6 Qb4 39. Qb8 Qb2+ 40. Kh3 Qg7
41. Rxg8 h5 42. Rxg7+ Kxg7 43. Ne5 Re6 44. Qc7 Kf6 45. f4 Re7 46. Qxc6+ Re6 47.
Qxb5 1-0

[Event "XXXII Festival A"]
[Site "Arco ITA"]
[Date "2010.10.23"]
[Round "8"]
[White "Maddaloni, Giovanni"]
[Black "Dieli, Riccardo"]
[Result "1-0"]
[WhiteElo "1801"]
[BlackElo "1906"]
[PlyCount "75"]
[EventDate "2010.10.16"]

1. e4 c5 2. Nf3 Nc6 3. Bb5 a6 4. Bxc6 dxc6 5. O-O Bg4 6. d3 g6 7. Nc3 Bg7 8. h3
Bxf3 9. Qxf3 Nf6 10. Be3 b6 11. a4 Nd7 12. Qd1 O-O 13. Qd2 Re8 14. f4 e6 15.
Rad1 Qc7 16. Qf2 a5 17. e5 f5 18. Nb1 Bf8 19. Kh2 Rad8 20. Rg1 Bh6 21. Qh4 Bf8
22. Nd2 b5 23. Nf3 Kg7 24. g4 Be7 25. Qg3 Rg8 26. gxf5 exf5 27. Ng5 Bxg5 28.
Qxg5 Kf7 29. d4 Ke6 30. dxc5 Nxe5 31. fxe5 Qxe5+ 32. Qf4 Qxb2 33. Rd6+ Kf7 34.
Rg2 bxa4 35. Bd4 Qb8 36. Qe5 Rxd6 37. cxd6 Rd8 38. Qe7+ 1-0

[Event "XXXII Festival A"]
[Site "Arco ITA"]
[Date "2010.10.23"]
[Round "8"]
[White "Marini, Lucio"]
[Black "Sprea, Giuseppe"]
[Result "0-1"]
[WhiteElo "1883"]
[BlackElo "1982"]
[PlyCount "63"]
[EventDate "2010.10.16"]

1. d4 Nf6 2. c4 e6 3. Nf3 b6 4. a3 Bb7 5. Nc3 d5 6. Qc2 Be7 7. e3 O-O 8. Be2
Nbd7 9. O-O c5 10. Rd1 Rc8 11. cxd5 exd5 12. dxc5 bxc5 13. Qf5 Qc7 14. a4 a6
15. h4 Qd6 16. e4 Qe6 17. Qxe6 fxe6 18. Ng5 d4 19. Na2 Nxe4 20. Nxe4 Bxe4 21.
Bxa6 Ra8 22. Bc4 Bf5 23. Re1 Bxh4 24. Rxe6 Bxf2+ 25. Kh1 Kh8 26. Re2 Bg3 27.
Bd2 Rxa4 28. b3 Rxa2 29. Rxa2 Bb1 30. Re7 Bxa2 31. Rxd7 Bxb3 32. Be2 0-1

[Event "XXXII Festival A"]
[Site "Arco ITA"]
[Date "2010.10.23"]
[Round "8"]
[White "Martinez, Guido"]
[Black "Brunetti, Marco"]
[Result "1/2-1/2"]
[WhiteElo "1915"]
[BlackElo "1838"]
[PlyCount "74"]
[EventDate "2010.10.16"]

1. e4 e5 2. Nf3 f5 3. Nxe5 Qf6 4. d4 d6 5. Nf3 fxe4 6. Qe2 d5 7. Bg5 Qf5 8. Bh4
Be7 9. Bxe7 Nxe7 10. Nfd2 O-O 11. Nc3 Nbc6 12. Nb3 a5 13. a4 Nb4 14. Rc1 c6 15.
Nd1 Ng6 16. Ne3 Qf6 17. Qd2 b6 18. c3 Nd3+ 19. Bxd3 exd3 20. O-O Nf4 21. Rce1
Qg6 22. f3 Bd7 23. Kh1 Rae8 24. Nc1 Re7 25. g3 Ne2 26. Nxd3 Nxg3+ 27. hxg3 Qxg3
28. Qg2 Qh4+ 29. Qh2 Bh3 30. Ng2 Rxe1 31. Rxe1 Bxg2+ 32. Kxg2 Qg5+ 33. Kh1 Rxf3
34. Ne5 Rf4 35. Rg1 Qf5 36. Re1 Rf1+ 37. Rxf1 Qxf1+ 1/2-1/2

[Event "XXXII Festival A"]
[Site "Arco ITA"]
[Date "2010.10.23"]
[Round "8"]
[White "Molina, Fabrizio"]
[Black "Molnar, Bela"]
[Result "1-0"]
[WhiteElo "2222"]
[BlackElo "2330"]
[PlyCount "61"]
[EventDate "2010.10.16"]

1. Nf3 g6 2. c4 Bg7 3. Nc3 e5 4. g3 Nc6 5. Bg2 f5 6. d3 d6 7. O-O Nf6 8. Rb1 h6
9. b4 O-O 10. Nd5 Nh5 11. e3 Be6 12. b5 Ne7 13. Nxe7+ Qxe7 14. Nh4 Qf7 15. Bxb7
g5 16. Nxf5 g4 17. Nxg7 Nxg7 18. Bxa8 Rxa8 19. f4 e4 20. dxe4 Bxc4 21. Rf2 Bxa2
22. Rb4 a5 23. bxa6 Rxa6 24. Rb8+ Kh7 25. Bb2 h5 26. Qd4 c5 27. Qc3 Ra7 28. Rd2
Qe6 29. Ra8 Rb7 30. f5 Qc4 31. Qf6 1-0

[Event "XXXII Festival A"]
[Site "Arco ITA"]
[Date "2010.10.23"]
[Round "8"]
[White "Mumelter, Igor"]
[Black "Proietti, Tosca"]
[Result "1-0"]
[WhiteElo "1839"]
[BlackElo "1840"]
[PlyCount "43"]
[EventDate "2010.10.16"]

1. e4 c5 2. Nf3 Nc6 3. Bb5 g6 4. O-O Bg7 5. Re1 Nd4 6. Bc4 e5 7. c3 Nxf3+ 8.
Qxf3 Nh6 9. d4 O-O 10. dxe5 Qh4 11. g3 Qh3 12. Qg2 Qxg2+ 13. Kxg2 Kh8 14. Be3
b6 15. Bd5 Rb8 16. Bg5 Ba6 17. Be7 Rfe8 18. Bd6 Rbc8 19. f4 f5 20. exf6 Bxf6
21. Nd2 Be7 22. Be5+ 1-0

[Event "XXXII Festival A"]
[Site "Arco ITA"]
[Date "2010.10.23"]
[Round "8"]
[White "Nanni, Sergio"]
[Black "Moratto, Davide"]
[Result "1-0"]
[WhiteElo "1698"]
[BlackElo "1854"]
[PlyCount "93"]
[EventDate "2010.10.16"]

1. e4 g6 2. Bc4 e6 3. e5 d5 4. exd6 cxd6 5. Nf3 Bg7 6. d4 Nf6 7. O-O O-O 8. Nc3
a6 9. a4 Qc7 10. Bd3 Nc6 11. Re1 Nb4 12. Bf1 b6 13. Re2 Bb7 14. Na2 Nxa2 15.
Rxa2 Bxf3 16. gxf3 e5 17. Bg2 Rad8 18. d5 Nh5 19. Re1 Rfe8 20. Re3 Qd7 21. Re4
Rc8 22. b4 f5 23. Re1 Rc4 24. Be3 Qb7 25. Bf1 Rh4 26. Bg5 Rd4 27. Qxd4 exd4 28.
Rxe8+ Bf8 29. Bh6 Ng7 30. Bxg7 Kxg7 31. c4 dxc3 32. Rc2 Qxd5 33. Rxc3 Qd2 34.
Rc7+ Kh6 35. Rxf8 Qxb4 36. Rff7 Qxa4 37. Rxh7+ Kg5 38. Rc4 Qb3 39. h4+ Kf6 40.
f4 Qf3 41. Bg2 Qd1+ 42. Kh2 Qg4 43. f3 Qh5 44. Rxh5 gxh5 45. Rc6 Ke6 46. Rxb6
a5 47. Ra6 1-0

[Event "XXXII Festival A"]
[Site "Arco ITA"]
[Date "2010.10.23"]
[Round "8"]
[White "Pedrotti, Luciano"]
[Black "Niccoli, Paolo"]
[Result "0-1"]
[WhiteElo "1833"]
[BlackElo "1962"]
[PlyCount "120"]
[EventDate "2010.10.16"]

1. e4 c5 2. Nf3 Nc6 3. c3 d5 4. exd5 Qxd5 5. d4 Nf6 6. Be2 Bg4 7. Be3 cxd4 8.
cxd4 e6 9. Nc3 Qd8 10. O-O Be7 11. h3 Bh5 12. Ne5 Bxe2 13. Nxe2 Nxe5 14. dxe5
Nd5 15. Qa4+ Qd7 16. Qxd7+ Kxd7 17. Rfd1 Rhd8 18. Nc3 Ke8 19. Nxd5 exd5 20.
Rac1 Rd7 21. Rc3 b6 22. Rcd3 Rad8 23. Bd4 Bc5 24. a3 Bxd4 25. Rxd4 Ke7 26. f4
f6 27. exf6+ Kxf6 28. Re1 Re7 29. Kf2 Rxe1 30. Kxe1 Ke6 31. g4 Kd6 32. b4 Kc6
33. Kd2 a5 34. Kc3 Re8 35. Kd2 axb4 36. axb4 Ra8 37. h4 Ra2+ 38. Ke3 g6 39. Rd2
Ra3+ 40. Kd4 Kd6 41. Rd3 Ra1 42. h5 gxh5 43. Rh3 Rd1+ 44. Ke3 Re1+ 45. Kf3
hxg4+ 46. Kxg4 Re7 47. Rh6+ Kc7 48. Kg5 d4 49. f5 d3 50. Rh1 d2 51. Rd1 Re2 52.
Kf6 Kd7 53. Kf7 h5 54. f6 h4 55. Kf8 Ke6 56. f7 Rf2 57. Ke8 Rxf7 58. Rxd2 Rh7
59. Re2+ Kd5 60. Kd8 h3 0-1

[Event "XXXII Festival A"]
[Site "Arco ITA"]
[Date "2010.10.23"]
[Round "8"]
[White "Pegoraro, Nicola"]
[Black "Von Wantoch, Markus"]
[Result "1-0"]
[WhiteElo "1975"]
[BlackElo "1927"]
[PlyCount "93"]
[EventDate "2010.10.16"]

1. e4 d5 2. d4 dxe4 3. Nc3 e5 4. dxe5 Qxd1+ 5. Nxd1 Nc6 6. Bf4 Nge7 7. Bb5 Be6
8. Nc3 Ng6 9. Bxc6+ bxc6 10. Bg3 Bb4 11. Nge2 O-O-O 12. a3 Bxc3+ 13. Nxc3 Bd5
14. O-O-O Rhe8 15. Rhe1 h5 16. h4 Nxe5 17. Nxe4 Ng4 18. f3 Bxe4 19. Rxd8+ Kxd8
20. Rxe4 Rxe4 21. fxe4 Ne3 22. Bf2 Nxg2 23. Kd2 a6 24. Bg3 g5 25. hxg5 h4 26.
Bh2 h3 27. Ke2 Ke7 28. Bxc7 f6 29. gxf6+ Kxf6 30. Kf2 Kg5 31. Bh2 Nf4 32. b4
Ne6 33. Ke3 Kg4 34. c4 Nd8 35. a4 Nb7 36. Be5 a5 37. b5 cxb5 38. cxb5 Nc5 39.
b6 Nb7 40. Kd4 Kf3 41. Kd5 Nd8 42. Bc7 Ke3 43. Bh2 Kf3 44. e5 Kg2 45. e6 Nxe6
46. Kxe6 Kxh2 47. b7 1-0

[Event "XXXII Festival A"]
[Site "Arco ITA"]
[Date "2010.10.23"]
[Round "8"]
[White "Prelati, Maurizio"]
[Black "Antoniacci, Riccardo"]
[Result "1-0"]
[WhiteElo "2111"]
[BlackElo "1923"]
[PlyCount "91"]
[EventDate "2010.10.16"]

1. e4 g6 2. f4 Bg7 3. Nf3 c5 4. Nc3 Nc6 5. Bb5 e6 6. Bxc6 bxc6 7. e5 Ba6 8. Ne4
Qa5 9. Nd6+ Kf8 10. c4 Nh6 11. O-O Nf5 12. Nxf5 gxf5 13. d3 h5 14. Bd2 Qb6 15.
Qa4 Ke8 16. Be3 Bc8 17. Qa3 d6 18. Rab1 Qb4 19. exd6 Qxa3 20. bxa3 Kd7 21. Bxc5
f6 22. a4 Ba6 23. Rb3 Bf8 24. Bd4 Bg7 25. c5 h4 26. Rfb1 Kc8 27. Bf2 h3 28. g3
e5 29. Nh4 Rh5 30. Re1 Kd7 31. Nf3 Rhh8 32. fxe5 fxe5 33. Nxe5+ Bxe5 34. Rxe5
Rhb8 35. Be3 Rxb3 36. axb3 Re8 37. d4 Rxe5 38. dxe5 Bd3 39. b4 a6 40. Kf2 Bc2
41. a5 Bd1 42. Bd4 Bb3 43. Ke3 Bd1 44. Kf4 Bc2 45. Kg5 Ke6 46. Kh4 1-0

[Event "XXXII Festival A"]
[Site "Arco ITA"]
[Date "2010.10.23"]
[Round "8"]
[White "Riepma, Henk"]
[Black "Savoia, Sergio"]
[Result "1-0"]
[WhiteElo "2079"]
[BlackElo "1909"]
[PlyCount "105"]
[EventDate "2010.10.16"]

1. f4 e5 2. fxe5 d6 3. exd6 Bxd6 4. Nf3 Nc6 5. e4 Bg4 6. Bb5 Bc5 7. c3 Nf6 8.
Bxc6+ bxc6 9. e5 Ne4 10. d4 Be7 11. O-O O-O 12. Qe2 Ng5 13. Bxg5 Bxg5 14. Qe4
Be6 15. Nbd2 Rb8 16. b3 Bd5 17. Qd3 Be7 18. Rad1 c5 19. c4 Bxf3 20. Nxf3 cxd4
21. Qxd4 Qc8 22. Kh1 Qa6 23. Qd7 Bc5 24. Qxc7 Bb6 25. Qd7 Rbd8 26. Qf5 Rxd1 27.
Rxd1 Qxa2 28. Ng5 g6 29. Qh3 h5 30. Qd7 Qa5 31. e6 Qxg5 32. e7 Rb8 33. e8=Q+
Rxe8 34. Qxe8+ Kg7 35. Rf1 f5 36. Qe5+ Qf6 37. Qxf6+ Kxf6 38. b4 Bd4 39. Rd1
Be3 40. Rd6+ Kf7 41. Ra6 g5 42. g3 h4 43. Kg2 g4 44. h3 hxg3 45. Kxg3 gxh3 46.
Kxh3 Ke7 47. c5 Kd7 48. Rxa7+ Kc6 49. Ra6+ Kb7 50. Rb6+ Kc7 51. Kg3 Bd2 52. Kf3
Kd7 53. Rd6+ 1-0

[Event "XXXII Festival A"]
[Site "Arco ITA"]
[Date "2010.10.23"]
[Round "8"]
[White "Rizzo, Giuseppe"]
[Black "Savarese, Vincenzo"]
[Result "1/2-1/2"]
[WhiteElo "1659"]
[BlackElo "1808"]
[PlyCount "53"]
[EventDate "2010.10.16"]

1. d4 d5 2. Nf3 Nf6 3. c3 g6 4. Bf4 Bg7 5. e3 O-O 6. h3 Nbd7 7. Nbd2 c5 8. Bd3
cxd4 9. cxd4 b6 10. Rc1 Ne8 11. O-O Bb7 12. Qe2 Ndf6 13. Ne5 Nd6 14. f3 Rc8 15.
b3 Re8 16. Rfe1 Nh5 17. Bh2 f6 18. Ng4 e5 19. dxe5 fxe5 20. Nf2 Qh4 21. Nf1 Qb4
22. Qd2 Qxd2 23. Nxd2 Nf6 24. Bb1 Bh6 25. Nf1 Ba6 26. Bd3 Bb7 27. Rcd1 1/2-1/2

[Event "XXXII Festival A"]
[Site "Arco ITA"]
[Date "2010.10.23"]
[Round "8"]
[White "Roessner, Uwe"]
[Black "Thonig, Manfred"]
[Result "1/2-1/2"]
[WhiteElo "1902"]
[BlackElo "1607"]
[PlyCount "110"]
[EventDate "2010.10.16"]

1. g3 e5 2. Bg2 d5 3. c4 d4 4. Qc2 Nf6 5. d3 h6 6. Nf3 Nbd7 7. O-O Bd6 8. a3
O-O 9. b4 c6 10. Nbd2 Re8 11. Rb1 c5 12. bxc5 Nxc5 13. Nb3 Na4 14. Nbxd4 exd4
15. Qxa4 Bd7 16. Qc2 Bc6 17. Nxd4 Bxg2 18. Kxg2 Bxg3 19. hxg3 Qxd4 20. Rxb7 Qd6
21. Rb5 a6 22. Rb4 a5 23. Rb5 Re6 24. Re1 Nd7 25. a4 Ne5 26. Bd2 Nc6 27. Qb2
Rae8 28. Bc3 f6 29. Bxa5 Nxa5 30. Rxa5 Qc6+ 31. Kg1 Qc7 32. Rb5 Qc8 33. a5 R6e7
34. Rb6 Re5 35. Rb5 R5e6 36. Qb4 g6 37. d4 h5 38. d5 Re4 39. Rc5 Qh3 40. Qb3
Rh4 41. Qf3 Qh2+ 42. Kf1 Qh1+ 43. Qxh1 Rxh1+ 44. Kg2 Rxe1 45. e3 Rd1 46. Rc7
Ra8 47. e4 Rxa5 48. c5 Ra4 49. d6 Rxe4 50. d7 Red4 51. c6 Kf8 52. Rc8+ Kg7 53.
c7 Rxd7 54. Rg8+ Kxg8 55. c8=Q+ Rd8 1/2-1/2

[Event "XXXII Festival A"]
[Site "Arco ITA"]
[Date "2010.10.23"]
[Round "8"]
[White "Rotoni, Matteo"]
[Black "Korenevski, Oleg"]
[Result "1-0"]
[WhiteElo "2132"]
[BlackElo "1930"]
[PlyCount "80"]
[EventDate "2010.10.16"]

1. e4 e6 2. d4 d5 3. e5 Ne7 4. Nf3 b6 5. c3 Qd7 6. Be3 Ba6 7. Bxa6 Nxa6 8. a4
c5 9. O-O Nc6 10. Qe2 Nc7 11. Nbd2 Be7 12. Ne1 c4 13. Qg4 g6 14. Nc2 h5 15. Qe2
a6 16. b3 b5 17. Rfb1 O-O 18. g4 hxg4 19. Qxg4 Kg7 20. f4 Rh8 21. Bf2 Rh5 22.
axb5 axb5 23. Rxa8 Nxa8 24. bxc4 bxc4 25. Ne3 Qd8 26. Ndf1 Kf8 27. Qd1 Nb6 28.
Bg3 Rh8 29. Rb2 Kg7 30. Rg2 Qa8 31. Be1 Kf8 32. Rb2 Qa7 33. Qb1 Bd8 34. Ra2 Qb7
35. Ng4 Qc8 36. Nfe3 Nd7 37. Qa1 Kg7 38. Rg2 Be7 39. Bd2 Qa8 40. f5 Bh4 1-0

[Event "XXXII Festival A"]
[Site "Arco ITA"]
[Date "2010.10.23"]
[Round "8"]
[White "Sautto, Alessandra"]
[Black "Welz, Peter"]
[Result "1-0"]
[WhiteElo "1955"]
[BlackElo "2156"]
[PlyCount "35"]
[EventDate "2010.10.16"]

1. Nc3 d5 2. d4 f5 3. Bf4 Nf6 4. e3 g6 5. h4 Bg7 6. h5 Nxh5 7. Rxh5 gxh5 8.
Qxh5+ Kf8 9. Nf3 c6 10. Ng5 Qe8 11. Nxh7+ Rxh7 12. Qxh7 Be6 13. Bh6 Bxh6 14.
Qxh6+ Kf7 15. Be2 Qc8 16. Bh5+ Kg8 17. Qg6+ Kf8 18. Qh7 1-0

[Event "XXXII Festival A"]
[Site "Arco ITA"]
[Date "2010.10.23"]
[Round "8"]
[White "Schaberg, Wolfgang"]
[Black "Diotallevi, Maurizio"]
[Result "1/2-1/2"]
[WhiteElo "1941"]
[BlackElo "2060"]
[PlyCount "51"]
[EventDate "2010.10.16"]

1. e4 e6 2. d4 d5 3. Nd2 Nc6 4. Ngf3 Nf6 5. e5 Nd7 6. c3 f6 7. exf6 Qxf6 8. Bd3
Bd6 9. Qc2 g6 10. Nf1 e5 11. Bg5 Qg7 12. O-O-O e4 13. Bxe4 dxe4 14. Qxe4+ Ne7
15. Re1 Nf6 16. Qh4 Nfg8 17. d5 Bd7 18. Be3 Be5 19. Nxe5 Qxe5 20. Nd2 Qxd5 21.
Bd4 Qxa2 22. Bxh8 Qa1+ 23. Kc2 Bf5+ 24. Ne4 Qa4+ 25. Kc1 Qa1+ 26. Kc2 1/2-1/2

[Event "XXXII Festival A"]
[Site "Arco ITA"]
[Date "2010.10.23"]
[Round "8"]
[White "Siebrecht, Sebastian"]
[Black "Damia, Angelo"]
[Result "1/2-1/2"]
[WhiteElo "2421"]
[BlackElo "2287"]
[PlyCount "66"]
[EventDate "2010.10.16"]

1. Nf3 Nf6 2. c4 e6 3. Nc3 Bb4 4. Qc2 b6 5. e4 Bxc3 6. bxc3 Bb7 7. e5 Be4 8. d3
Bxf3 9. exf6 Bb7 10. fxg7 Rg8 11. Bh6 Qf6 12. Qd2 Nc6 13. Rg1 Ne7 14. g4 Qe5+
15. Be2 Bf3 16. Bf4 Qxe2+ 17. Qxe2 Bxe2 18. Kxe2 d6 19. Bh6 f6 20. h4 Kf7 21.
h5 Rge8 22. g5 Nf5 23. g6+ hxg6 24. hxg6+ Ke7 25. Rh1 Rg8 26. Kf3 Nxg7 27. Bd2
Rh8 28. d4 Nf5 29. Rag1 Nh4+ 30. Ke2 Nxg6 31. Rxh8 Nxh8 32. Rg7+ Nf7 33. d5 Rh8
1/2-1/2

[Event "XXXII Festival A"]
[Site "Arco ITA"]
[Date "2010.10.23"]
[Round "8"]
[White "Straubinger, Daniel"]
[Black "Basso, Pier Luigi"]
[Result "1-0"]
[WhiteElo "2235"]
[BlackElo "1779"]
[PlyCount "103"]
[EventDate "2010.10.16"]

1. e4 c5 2. Nf3 d6 3. d4 cxd4 4. Nxd4 Nf6 5. Nc3 a6 6. g3 e5 7. Nde2 Be6 8. Bg2
Be7 9. O-O O-O 10. a4 Nc6 11. Nd5 Bxd5 12. exd5 Nb8 13. a5 Nfd7 14. c4 f5 15.
b4 Bf6 16. Ra2 b6 17. axb6 Qxb6 18. Qa4 Qc7 19. c5 a5 20. Qb5 Na6 21. Rxa5 Rfb8
22. Qc6 Qa7 23. b5 Qxc5 24. Be3 Nb4 25. Qxa8 Qc7 26. Rc1 Nc5 27. Rxc5 dxc5 28.
d6 Qxd6 29. Qxb8+ Qxb8 30. Ra8 Qxa8 31. Bxa8 Be7 32. Nc3 Bd6 33. b6 Na6 34.
Bd5+ Kf8 35. Bc4 Nb8 36. Bb5 f4 37. Bc1 fxg3 38. hxg3 Be7 39. Ne4 Kf7 40. Be3
Bd8 41. Bxc5 Ke6 42. Bd6 Bxb6 43. Bxb8 Kf5 44. Bd3 Bd4 45. Kg2 h6 46. Bc7 g5
47. Nd2+ Ke6 48. g4 Kd5 49. Ne4 Ke6 50. Bd6 Kd5 51. f3 Ke6 52. Bf8 1-0

[Event "XXXII Festival A"]
[Site "Arco ITA"]
[Date "2010.10.23"]
[Round "8"]
[White "Teodonio, Fabrizio"]
[Black "Marshall, Michael"]
[Result "1/2-1/2"]
[WhiteElo "2002"]
[BlackElo "1878"]
[PlyCount "36"]
[EventDate "2010.10.16"]

1. e4 c5 2. Nf3 e6 3. d4 cxd4 4. Nxd4 Nc6 5. Nc3 Qc7 6. Be3 a6 7. Bd3 Nf6 8.
Qe2 b5 9. a3 Bb7 10. O-O Be7 11. f4 d6 12. Nxc6 Bxc6 13. Rad1 O-O 14. Bc1 g6
15. e5 Ne8 16. exd6 Nxd6 17. Qe5 Qb7 18. Qe2 Rad8 1/2-1/2

[Event "XXXII Festival A"]
[Site "Arco ITA"]
[Date "2010.10.23"]
[Round "8"]
[White "Tomassoni, Leonardo"]
[Black "Roversi, Stefano"]
[Result "1/2-1/2"]
[WhiteElo "1935"]
[BlackElo "1859"]
[PlyCount "120"]
[EventDate "2010.10.16"]

1. e4 c5 2. Nf3 Nc6 3. d4 cxd4 4. Nxd4 a6 5. Nc3 e6 6. Nxc6 bxc6 7. Be2 d5 8.
Be3 Nf6 9. e5 Nd7 10. f4 c5 11. Bf2 Bb7 12. Bf3 Qc7 13. O-O Be7 14. Qd2 O-O 15.
Rad1 Rfd8 16. Kh1 Nb6 17. b3 d4 18. Ne4 Nd5 19. c3 dxc3 20. Nxc3 Nb4 21. Qe2
Bxf3 22. Qxf3 Qc6 23. Qxc6 Nxc6 24. Ne4 Nd4 25. Rd2 f6 26. b4 fxe5 27. bxc5 Nc6
28. fxe5 Rxd2 29. Nxd2 Nxe5 30. Bg3 Nd3 31. c6 Rc8 32. c7 e5 33. Nc4 Bf6 34. h3
Rxc7 35. Nd6 Rc1 36. Kg1 Rxf1+ 37. Kxf1 Nc1 38. a4 Nd3 39. Nb7 Kf7 40. Ke2 Nb4
41. Be1 Nd5 42. Nc5 Nc7 43. Ba5 Be7 44. Nd7 Bd6 45. Nb8 Ke6 46. Kd3 Nd5 47.
Nxa6 Nf4+ 48. Ke4 Nxg2 49. Nc7+ Kd7 50. Nb5 Bb8 51. Bb6 Nf4 52. h4 h6 53. Nc3
Kc6 54. Bf2 g5 55. hxg5 hxg5 56. Kf3 Bd6 57. Be3 Nd5 58. Nxd5 Kxd5 59. Bxg5 Kd4
60. Bf6 Kd5 1/2-1/2

[Event "XXXII Festival A"]
[Site "Arco ITA"]
[Date "2010.10.23"]
[Round "8"]
[White "Tovazzi, Maurizio"]
[Black "Pistone, Salvatore"]
[Result "0-1"]
[WhiteElo "1739"]
[BlackElo "1725"]
[PlyCount "52"]
[EventDate "2010.10.16"]

1. d4 Nf6 2. c4 e6 3. Nf3 d5 4. e3 Bb4+ 5. Nc3 O-O 6. cxd5 exd5 7. Bd3 Bg4 8.
Qc2 Bxc3+ 9. bxc3 Nbd7 10. a4 Re8 11. Ba3 b6 12. Ng5 Nf8 13. Bxf8 Kxf8 14. h3
Bh5 15. g4 Bg6 16. Bxg6 hxg6 17. O-O Nxg4 18. Nxf7 Kxf7 19. hxg4 Rh8 20. f4 Qe7
21. Rf3 Rh4 22. Rg3 Rah8 23. Kf2 Rh2+ 24. Rg2 Qh4+ 25. Kf1 Rh1+ 26. Rg1 Rxg1+
0-1

[Event "XXXII Festival A"]
[Site "Arco ITA"]
[Date "2010.10.23"]
[Round "8"]
[White "Vaccari, Giorgio"]
[Black "Sigillo, Carmelo"]
[Result "0-1"]
[WhiteElo "1613"]
[BlackElo "1807"]
[PlyCount "54"]
[EventDate "2010.10.16"]

1. e4 c5 2. Nf3 d6 3. d4 cxd4 4. Nxd4 Nf6 5. Nc3 a6 6. Be2 e5 7. Nb3 Be7 8. O-O
Be6 9. Be3 Nbd7 10. f3 O-O 11. Nd5 Bxd5 12. exd5 b5 13. Bg5 Qb6+ 14. Kh1 Nxd5
15. Qxd5 Bxg5 16. Rad1 Be7 17. f4 Rac8 18. Bd3 Nf6 19. Qf3 Qc6 20. fxe5 Qxf3
21. Rxf3 dxe5 22. Nd2 Rfd8 23. Re1 Nd7 24. Bf5 g6 25. Bxd7 Rxd7 26. Rd3 Rxd3
27. cxd3 Bb4 0-1

[Event "XXXII Festival A"]
[Site "Arco ITA"]
[Date "2010.10.23"]
[Round "8"]
[White "Varadi, Benedek"]
[Black "Prezzi, Adriano"]
[Result "1-0"]
[WhiteElo "1950"]
[BlackElo "1682"]
[PlyCount "47"]
[EventDate "2010.10.16"]

1. d4 d5 2. c4 c6 3. e3 Nf6 4. Nf3 e6 5. Nbd2 Nbd7 6. b3 Bb4 7. Bd3 Qc7 8. O-O
O-O 9. Bb2 b6 10. Qe2 Bb7 11. e4 dxe4 12. Nxe4 Nxe4 13. Qxe4 Nf6 14. Qh4 Be7
15. d5 h6 16. dxe6 fxe6 17. Ne5 c5 18. Ng6 Rfe8 19. Be5 Qd7 20. Rad1 Rad8 21.
Be2 Qc8 22. Nxe7+ Rxe7 23. Bxf6 gxf6 24. Qxf6 1-0

[Event "XXXII Festival A"]
[Site "Arco ITA"]
[Date "2010.10.23"]
[Round "8"]
[White "Varzi, Florian"]
[Black "Sigmund, Ingenuin"]
[Result "0-1"]
[WhiteElo "1570"]
[BlackElo "1801"]
[PlyCount "110"]
[EventDate "2010.10.16"]

1. d4 Nf6 2. c4 e6 3. Nc3 Bb4 4. f3 O-O 5. a3 Bxc3+ 6. bxc3 b6 7. e4 d6 8. Bd3
e5 9. Ne2 Nbd7 10. O-O Re8 11. Be3 c5 12. d5 h6 13. Bc2 Nf8 14. Ng3 Ng6 15. Ba4
Bd7 16. Nf5 Bxa4 17. Qxa4 Qc7 18. Rfe1 Ne7 19. Nxe7+ Qxe7 20. Rab1 Qd7 21. Qb5
Rab8 22. Rb2 a6 23. Qxd7 Nxd7 24. Reb1 Rb7 25. a4 Reb8 26. a5 Kf8 27. f4 Ke7
28. fxe5 Nxe5 29. Rxb6 Rxb6 30. Rxb6 Rxb6 31. axb6 Kd7 32. b7 Kc7 33. Kf2 Kxb7
34. Bf4 Nxc4 35. Ke2 Kb6 36. Kd3 Kb5 37. Kc2 f6 38. Kb3 a5 39. h4 a4+ 40. Ka2
Ne5 41. Ka3 Nf7 42. Bg3 Kc4 43. Be1 Kd3 44. Kxa4 Kxe4 45. c4 Ne5 46. Kb5 Kd3
47. Bg3 Nxc4 48. Kc6 Ke4 49. Bxd6 Ne3 50. Bxc5 Nxd5 51. Bf8 g5 52. h5 Nf4 53.
Bxh6 Nxh5 54. g4 Nf4 55. Bg7 Ke5 0-1

[Event "XXXII Festival A"]
[Site "Arco ITA"]
[Date "2010.10.23"]
[Round "8"]
[White "Vezzosi, Paolo"]
[Black "Leutwyler, Martin"]
[Result "1-0"]
[WhiteElo "2347"]
[BlackElo "2169"]
[PlyCount "133"]
[EventDate "2010.10.16"]

1. e4 Nf6 2. e5 Nd5 3. d4 d6 4. Nf3 dxe5 5. Nxe5 c6 6. Bc4 Nd7 7. O-O Nxe5 8.
dxe5 Bf5 9. Bd3 Qd7 10. a3 Rd8 11. Qf3 Bxd3 12. Qxd3 Qg4 13. Qb3 Rd7 14. Re1 e6
15. h3 Qf5 16. Nd2 Bc5 17. Qg3 Qg6 18. Qxg6 hxg6 19. Ne4 Be7 20. c4 Nb6 21. c5
Nd5 22. Nd6+ Bxd6 23. exd6 b6 24. b4 bxc5 25. bxc5 Rb7 26. Re4 Kd7 27. Ra4 Rh5
28. Bd2 Rh8 29. Re1 Ra8 30. Ra6 Rb2 31. Rd1 Rb5 32. Rc1 Rb2 33. Bc3 Nxc3 34.
Rxc3 Rb5 35. h4 Rb7 36. Rc4 Rh8 37. Rca4 Ra8 38. f4 Rb5 39. Rxa7+ Rxa7 40.
Rxa7+ Ke8 41. Re7+ Kd8 42. Rxf7 Rxc5 43. Rxg7 Rc4 44. g3 Rc3 45. Rxg6 Kd7 46.
a4 c5 47. h5 c4 48. Kf2 Rc2+ 49. Ke3 Rh2 50. Kd4 Rxh5 51. Kxc4 Kxd6 52. g4 Rc5+
53. Kb4 Rd5 54. f5 Rd4+ 55. Kb5 Kc7 56. fxe6 Rd5+ 57. Kc4 Ra5 58. Kb4 Re5 59.
Rg7+ Kc6 60. e7 Re4+ 61. Ka5 Re5+ 62. Ka6 Re4 63. a5 Re5 64. g5 Re1 65. Ka7 Re5
66. a6 Re1 67. Kb8 1-0

[Event "XXXII Festival A"]
[Site "Arco ITA"]
[Date "2010.10.23"]
[Round "8"]
[White "Virzi, Ettore"]
[Black "Rampini, Carlo"]
[Result "1-0"]
[WhiteElo "2002"]
[BlackElo "1791"]
[PlyCount "59"]
[EventDate "2010.10.16"]

1. e4 d5 2. exd5 Qxd5 3. Nc3 Qd6 4. d4 Nf6 5. Nf3 a6 6. g3 Bg4 7. h3 Bh5 8. Bg2
Nc6 9. O-O O-O-O 10. Be3 e5 11. dxe5 Nxe5 12. Qe2 Bxf3 13. Bxf3 Qe6 14. Bg2 c6
15. Na4 Nc4 16. Qxc4 Qxc4 17. Nb6+ Kb8 18. Nxc4 Nd5 19. Rfd1 Be7 20. Bxd5 cxd5
21. Nb6 Bf6 22. Bd4 Rd6 23. Bxf6 gxf6 24. Nxd5 Rhd8 25. Ne3 Kc7 26. Rxd6 Rxd6
27. Rd1 Re6 28. Kg2 Kc6 29. Rd4 b5 30. Rh4 1-0